000 00347nam a2200133Ia 4500
008 210430s9999 xx 000 0 und d
020 _a978-0-07-463298-7
082 _a672 N331 S
100 _aAlok Nayar
_954161
245 4 _aThe Steel Handbook
_cAlok Nayar
260 _aNew Dlehi
_bTata McGrawhill
_c2002
300 _a978p.
942 _cBK
_2ddc
999 _c564638
_d564638